| 000 | 00654nam a2200253Ia 4500 | ||
|---|---|---|---|
| 008 | 171025s9999 xx 000 0 und d | ||
| 020 | _a786881631 | ||
| 050 | _a658 | ||
| 050 | _bK22 1995 | ||
| 100 | _aKawasaki, Guy | ||
| 245 | _aHow to drive your competition crazy / | ||
| 245 | _cby Guy Kawasaki. | ||
| 260 | _aNew York : | ||
| 260 | _bHyperion, | ||
| 260 | _c1995 | ||
| 300 | _axxi, 250 pages : | ||
| 300 | _billustrations ; | ||
| 300 | _c23cm. | ||
| 500 | _aIncludes bibliographic reference and index. | ||
| 650 | _aCompetition. | ||
| 650 | _aIndustrial management. | ||
| 650 | _aTechnological innovations. | ||
| 700 | _aTitle. | ||
| 999 |
_c344507 _d344507 |
||